000 01099pam a2200301 a 4500
005 20260322212041.0
008 data
010 _a 98031593
020 _a073680174X
020 _a9780736801744
040 _aDLC
_cDLC
_dDLC
042 _alcac
050 0 0 _aHF5415.5
_b.Q557 1999
082 0 0 _a658.8/12/02373
_221
092 _a658.8 Qui 1999
100 1 _aQuinlan, Kathryn A.
245 1 0 _aCustomer service representative /
_cKathryn A. Quinlan.
260 _aMankato, Mn. :
_bCapstone High/low Books,
_cc1999.
300 _a48 p. :
_bcol. ill. ;
_c23 cm.
490 1 _aCareers without college
504 _aIncludes bibliographical references (p. 45) and index.
520 _aIntroduces the position of customer service representative, including educational requirements, training, duties, salary, employment outlook, and possible future positions.
650 0 _aCustomer services
_xJuvenile literature.
_xJuvenile literature.
650 1 _aCustomer services
_xVocational guidance.
650 1 _aVocational guidance.
830 0 _aCareers without college (Mankato, Minn.)
001 data
999 _c969
_d969